000 00471nam a2200193Ia 4500
005 20240823015845.0
008 240823s9999||||xx |||||||||||||| ||und||
020 _a81-85095-57-4
041 _aENGLISH
082 _A621.3193 P3
100 _aRamamoorthy M
245 0 _aComputer-Aided Design of Electrical Equipments
250 _a1st
260 _c2003
_b"EWP,New "
500 _aTRANSFERED
650 _aDesigning
_bElectrical
942 _cBK
999 _c173401
_d173401